logo

Bir Sreshtho Munshi Abdur Rouf Library
Jhenaidah Cadet College

Interpretation and language exercises (Record no. 9883)

MARC details
000 -LEADER
fixed length control field 00533nam a22002173a 4500
001 - CONTROL NUMBER
JCCL Control Number 9883
003 - CONTROL NUMBER IDENTIFIER
JCCL marc code BD-JhCC
005 - DATE AND TIME OF LATEST TRANSACTION
control field 20180403093158.0
008 - FIXED-LENGTH DATA ELEMENTS--GENERAL INFORMATION
fixed length control field 961212s1953 stk 000 0 eng d
035 ## - SYSTEM CONTROL NUMBER
system control number (BD-JhCC)9883
040 ## - CATALOGING SOURCE
Original cataloging agency BD-JhCC
Modifying agency BD-JhCC
041 ## - LANGUAGE CODE
Language code of Book eng
082 ## - DEWEY DECIMAL CLASSIFICATION NUMBER
Classification number 428.1
Author mark and Year DUB 1963
100 1# - MAIN ENTRY--PERSONAL NAME
Personal name Dubber, Alfred William Stewart.
245 10 - TITLE STATEMENT
Title Interpretation and language exercises
260 ## - PUBLICATION, DISTRIBUTION, ETC. (IMPRINT)
Place of publication, distribution, etc Glasg,
Date of publication, distribution, etc [1953]
300 ## - PHYSICAL DESCRIPTION
Pagination 141 p. :
Dimensions 18 cm
650 ## - SUBJECT ADDED ENTRY--TOPICAL TERM
Topical term or geographic name as entry element English Language
942 ## - ADDED ENTRY ELEMENTS (KOHA)
Source of classification or shelving scheme Dewey Decimal Classification
Koha item type Books
Holdings
Source of classification or shelving scheme Damaged status Not for loan Home library Current library Shelving location Date of accession Total Checkouts Full call number Barcode Date last seen Copy number Koha item type
Dewey Decimal Classification     JCC Rouf Library JCC Rouf Library General Stacks 04/03/2018   428.1 DUB 1963 11460 04/03/2018 C-1 Books

JCC Library | Contacts | JCC Home

Last Update on 23 September 2017
Copyright @ 2017-2020 JCC Rouf Library
Rouf Library, Jhenidah Cadet College (JCC), Bangladesh